Hoá lý T.4 : Điện hoá học /

Các thuyết về chất điện li; Các hiện tượng bất thuận nghịch trong dung dịch chất điện li; Các quá trình điện cực cân bằng; lớp điện kép và sự hấp phụ trên ranh giới hai pha; Các cơ sở động điện hoá học...

Guardat en:
Dades bibliogràfiques
Autor principal: Nguyễn Văn Tuế.
Format: Llibre
Idioma:Vietnamese
Publicat: Hải Phòng : Giáo dục, 1999.
Matèries:
Etiquetes: Afegir etiqueta
Sense etiquetes, Sigues el primer a etiquetar aquest registre!
Thư viện lưu trữ: Mạng thư viện Đại học Đà Nẵng
LEADER 01143cam a2200361 i 4500
001 000043266
003 1204
005 20030916094639.0
008 010217b1999 vm 000 vie
020 |c 18000 
022 |a T 
040 |a IRC  |c IRC  |d IRC 
041 0 |a vie 
082 1 4 |a 541.3  |b NG-T 
100 1 |a Nguyễn Văn Tuế. 
245 0 0 |a Hoá lý  |n T.4 :  |p Điện hoá học /  |c Nguyễn Văn Tuế. 
260 |a Hải Phòng :  |b Giáo dục,  |c 1999. 
300 |a 199tr. ;  |c 27cm. 
520 3 |a Các thuyết về chất điện li; Các hiện tượng bất thuận nghịch trong dung dịch chất điện li; Các quá trình điện cực cân bằng; lớp điện kép và sự hấp phụ trên ranh giới hai pha; Các cơ sở động điện hoá học... 
630 0 4 |a Điện hoá học. 
630 0 4 |a Hoá lý. 
650 0 4 |a Hoá lý. 
650 0 4 |a Điện hoá học. 
OWN |a DUT 
999 |a From the UDN01 
TYP |a Monograph 
TYP |a Printed language 
980 |a Mạng thư viện Đại học Đà Nẵng